000 00456nam a2200169Ia 4500
005 20260330112717.0
008 260330s9999||||xx |||||||||||||| ||und||
020 _a9788471421920
041 _aspa
100 _aRothenberg, Robert E.
245 0 _aVamos A Crecer Sanos, Tu Comportamiento /
_cRobert E. Rothenberg
250 _a1 ed.
260 _aMadrid :
_bEdiciones Graficas Toledo, S.A..
300 _a140 p.
650 _aPSICOLOGÍA
942 _cBK
999 _c2216
_d2216